Biblioteca "Ernesto Sabato"
Facultad de Derecho y Ciencias Sociales
Facultad de Lenguas
Universidad Nacional del Comahue

Constituicao (Record no. 36098)

MARC details
000 -CABECERA
campo de control de longitud fija 00554nam a22001817a 4500
003 - IDENTIFICADOR DEL NÚMERO DE CONTROL
campo de control OSt
005 - FECHA Y HORA DE LA ÚLTIMA TRANSACCIÓN
campo de control 20230613131346.0
008 - DATOS DE LONGITUD FIJA--INFORMACIÓN GENERAL
campo de control de longitud fija 230613b ||||| |||| 00| 0 spa d
020 ## - ISBN
Número Internacional Estándar del Libro 85-241-0434-1
040 ## - FUENTE DE LA CATALOGACIÓN
Centro/agencia transcriptor Biblioteca Ernesto Sábato
092 ## - SIGNATURA TOPOGRÁFICA
Número de clasificación D342.81
Libristica R621
Sector BDGR
245 ## - MENCIÓN DE TÍTULO
Título Constituicao
Resto del título : do estado do Río Grande do Sul
260 ## - PUBLICACIÓN, DISTRIBUCIÓN, ETC. (PIE DE IMPRENTA)
Lugar de publicación, distribución, etc. Porto Alegre
Nombre del editor, distribuidor, etc. Sagra-Dc Luzzatto
Fecha de publicación, distribución, etc. 1994
300 ## - DESCRIPCIÓN FÍSICA
Paginas 159 p.
500 ## - NOTA GENERAL
Nota general Organizacao dos textos e índices por Valdemar P. da Luz
650 ## - Descriptores Tematicos
Término de materia o nombre geográfico como elemento inicial RIO GRANDE DO SUL-CONSTITUCION-1994
942 ## - ELEMENTOS DE PUNTO DE ACCESO ADICIONAL (KOHA)
Fuente del sistema de clasificación o colocación Dewey Decimal Classification
Tipo de ítem Koha BDGR
Holdings
Estado de retiro Estado de pérdida Fuente del sistema de clasificación o colocación Estado dañado No para préstamo Localización permanente Ubicación/localización actual Fecha de adquisición Número de inventario Total de préstamos Signatura topográfica completa Código de barras Fecha visto por última vez Precio válido a partir de Tipo de ítem Koha
    Dewey Decimal Classification     Biblioteca Ernesto Sabato - FADECS - UNCOMA Biblioteca Ernesto Sabato - FADECS - UNCOMA 13/06/2023 26612   D342.81 R621 26612 13/06/2023 13/06/2023 BDGR
Facultad de Derecho y Ciencias Sociales | Universidad Nacional del Comahue | Mendoza y Perú General Roca | Río Negro CP (8332) | Patagonia Argentina | Teléfono: 54-0298-4433670 | | Fax: 0298-4432093 | Fax alumnos: 0298-4435700